000 00876nas a2200289 4500
001 BR0502847
003 BR-BrBNA
005 20231205105409.0
007 ta
008 230509b bl.|||p| |||| 00| 00por d
040 _aBR-BrBNA
_bpor
_cBiblioteca Nacional de Agricultura
041 _a(Pt)
072 _aM12; L53
100 1 _aBorges, A.M.
100 1 _aMoretti, J.O.C.
100 1 _aMcManus, C.
100 1 _aMariante, A. da S.
245 1 _aProdução de populações monossexo macho de tilápia-do-nilo da linhagem Chitralada
650 _aTILÁPIA
650 _aTERMORREGULAÇÃO
650 _aREVERSÃO SEXUAL
650 _aTEMPERATURA
650 _aAQÜICULTURA
773 0 _tPesquisa Agropecuária Brasileira (Brazil)
_xISSN 0100-204X
_g(Feb 2005), v. 40(2) p. 153-159
_wBR0502847
909 _a202311
_bLúcia
_c55
_dLúcia Elande
942 _2AGRIS
_n0
_cANA
999 _c182759
_d182759